000 00335nam a2200133Ia 4500
005 20260328101447.0
008 260328s9999||||xx |||||||||||||| ||und||
100 _aMcLeod, Robert
245 0 _aCharles Rennie Mackintosh /
_cRobert McLeod
260 _bGlasgow District Council
300 _a55 p.
650 _aARQUITECTOS
942 _cBK
999 _c8502
_d8502